000 01248nam a22003617a 4500
003 CHAP
005 20220817042646.0
008 971013s1994 r 00010 d
010 _a51350
011 _a52322
035 _a56472
040 _cCHAP
082 _a641
_bF3Y v.14/13
110 _aFAO
245 _aManuales para el control de calidad de los alimentos
_b: análisis de residuos de plaguicidas en laboratorios de inspección alimentaria
260 _aRoma :
_bFAO,
_c1994
300 _a188 p.
490 _aFAO. Alimentación y nutrición
_v; 14/13
590 _aBATCH-UPD
_b10
_c20130110
_lUCH01
_h0231
590 _aBATCH-UPD
_b10
_c20130110
_lUCH01
_h1150
590 _aBATCH-UPD
_b10
_c20130409
_lUCH01
_h2255
590 _aBATCH-UPD
_b10
_c20130410
_lUCH01
_h1225
590 _aBATCH-UPD
_b10
_c20130914
_lUCH01
_h0139
590 _aCONVERSION
_b10
_c20130109
_lUCH01
_h1328
650 1 4 _aAlimentos
_xAnálisis.
_94164
650 1 4 _aAlimentos
_xCalidad.
650 1 4 _aAlimentos
_xContaminacion por pesticidas.
_94208
650 1 4 _aCalidad
_xControl de la.
_917484
830 0 _aFAO. Alimentación y nutrición
_v; 14/13
_939449
901 _aBK
942 _cLIBRO
949 _a641 F3Y v.14/13
_bBC
_cFAO
_d-123336
_eFAO1
_h89722
_i56472
_si
999 _c51350
_d51350